000 01018nam a2200205Ii 4500
003 JO-AjNU
008 230605s9999||||xx |||||||||||||| ||und||
040 _aJO-AjNU
_bara
_erda
_cJO-AjNU
041 _aara
050 1 4 _aLB1051.I53 1963
100 3 _aجيتس،آرثر مؤلف/جيريسلد،آرثر م.مشارك/ماكونل،ت.ر م.مشارك/شالمان،روبرت س م.مشارك/حافظ،إبراهيم مترجم/عثمان،السيد محمد مترجم/أبو العزم،محمد عبد الحميد مترجم/القوصي،عبدالعزيز مقدم ومشرف,
_eauthor
_97031
245 0 0 _aعلم النفس التربوي: التعلم ومقاييسه، الكتاب الثاني
250 _aط4
264 3 1 _aالقاهرة:مكتبة النهضة المصرية،1963
300 _aالكتاب الثاني، 367ص
336 _atext
_btxt
_2rdacontent
337 _aunmediated
_bn
_2rdamedia
338 _avolume
_bnc
_2rdacarrier
650 4 _a علم النفس التربوي
_97032
999 _aA73
_c3641
_d3641